| 000 | 01727cam a2200493 a 4500 | ||
|---|---|---|---|
| 001 | 21059 | ||
| 003 | VRT | ||
| 005 | 20260211122922.0 | ||
| 008 | 240318s2014 xo a b 000 p slo | ||
| 015 | _aSNBA2015/04 | ||
| 020 |
_a9788081540776 _q(viaz.) |
||
| 035 | _a668D42EC-4A0C-48EF-9288-DE410B80DEA5 | ||
| 035 | _aurn:nbn:sk:snk-amjopc | ||
| 035 | _aurn:nbn:sk:snk-am003oq5 | ||
| 039 | 9 |
_a202403181525 _bVLOAD _c201905031211 _dAUTHORITY _c201905031210 _dAUTHORITY _c201810101346 _dAUTHORITY |
|
| 040 |
_aPPPK _bslo _cPPPK _dSVKBB _dSNK _eAACR2 |
||
| 041 | 0 | _aslo | |
| 044 |
_axo _cSK |
||
| 072 | 7 |
_a821.162.4-1 _xSlovenská poézia _2konspekt |
|
| 072 | 7 |
_a821-93 _xLiteratúra pre deti a mládež (beletria) _2konspekt |
|
| 080 |
_a821.162.4-1 _22001 |
||
| 080 |
_a821-93 _22001 |
||
| 100 | 1 |
_aHorecký, Michal, _d1949-2018 _4aut |
|
| 245 | 1 | 0 |
_aJa už budem prváčik _cMichal Horecký ; ilustrácie: Bruno Horecký |
| 260 |
_aŽilina _bGeorg _c[2014] |
||
| 300 |
_a[52] s. _bfareb. ilustr. _c24 cm |
||
| 655 | 7 |
_aslovenská poézia _2SNKPH |
|
| 655 | 7 |
_apublikácie pre deti _2SNKPH |
|
| 655 | 7 |
_aSlovak poetry _2SNKPHeng |
|
| 655 | 7 |
_aChildren's literature _2SNKPHeng |
|
| 700 | 1 |
_aHorecký, Bruno, _d1966- _4ill |
|
| 910 | _apppk | ||
| 910 | _apokpoh | ||
| 910 | _attkjf | ||
| 910 | _asvkbb | ||
| 910 | _askpk | ||
| 942 |
_2ddc _cKLDE _n0 |
||
| 949 |
_6270001000455931 _asvkbbB 52299 _bsvkbbm 748004 |
||
| 949 |
_asnklmDK 6930 SNKLM _bsnklm2014/103 |
||
| 949 |
_617A1139802 _asnkSC 163530 _bsnk2015/7975 _o593/15 _s6100:20140925 |
||
| 949 |
_617A1139801 _asnkSC 163530 D1 _bsnk2015/7976 _o593/15 |
||
| 949 |
_62889301525 _asavukPV 20618 _bsavuk2015/1621 |
||
| 999 |
_c21059 _d21059 |
||